| 000 | 00623nam a2200217 a 4500 | ||
|---|---|---|---|
| 001 | 000048397 | ||
| 003 | DO-SdBNP | ||
| 005 | 20240316073902.0 | ||
| 007 | ta | ||
| 008 | 190221s2018 dr a r 000 0 spa d | ||
| 020 | _a9789945466393 | ||
| 040 |
_aDO-SdBNP _bspa _cBNPHU |
||
| 082 | 4 |
_bP745b _222 _axxx |
|
| 245 | 0 | 0 |
_aPoesía y biografía de Lupo Hernández Rueda / _ccompilador Tomás Castro Burdiez. |
| 260 |
_aSanto Domingo : _bEducarte, _c2018. |
||
| 300 |
_a24 cm. : _bil. ; _c22 cm. |
||
| 590 | _aInventariado, 2019/BT | ||
| 700 |
_aCastro, Tomás, _d1959- _ecompilador _924641 |
||
| 910 | _aBT | ||
| 942 |
_2ddc _cLBS1 |
||
| 999 |
_c47885 _d47885 |
||